Vivir la lectura y la escritura : (Registro nro. 30852)
[ vista simple ]
| 000 -LEADER | |
|---|---|
| fixed length control field | 00826nam a22002177a 4500 |
| 003 - CONTROL NUMBER IDENTIFIER | |
| control field | OSt |
| 005 - DATE AND TIME OF LATEST TRANSACTION | |
| control field | 20241009162112.0 |
| 008 - FIXED-LENGTH DATA ELEMENTS--GENERAL INFORMATION | |
| fixed length control field | 241009b |||a|||| |||| 00| 0 eng d |
| 020 ## - INTERNATIONAL STANDARD BOOK NUMBER | |
| International Standard Book Number | 9789589789766 |
| 037 ## - SOURCE OF ACQUISITION | |
| Source of stock number/acquisition | Donación |
| 040 ## - CATALOGING SOURCE | |
| Original cataloging agency | Co-JMCR |
| Language of cataloging | spa |
| Transcribing agency | Co-JMCR |
| Modifying agency | Co-JMCR |
| Description conventions | rda |
| 041 00 - LANGUAGE CODE | |
| Language code of text/sound track or separate title | spa |
| 082 04 - DEWEY DECIMAL CLASSIFICATION NUMBER | |
| Classification number | 808.066 |
| Edition number | 23 |
| Item number | U58v |
| 110 2# - MAIN ENTRY--CORPORATE NAME | |
| Corporate name or jurisdiction name as entry element | Universidad Autónoma de Colombia, |
| Subordinate unit | Departamento de Humanidades. |
| 9 (RLIN) | 43881 |
| 245 10 - TITLE STATEMENT | |
| Title | Vivir la lectura y la escritura : |
| Remainder of title | introducción práctica a la comprensión y redacción de textos / |
| Statement of responsibility, etc. | Universidad Autónoma de Colombia |
| 260 ## - PUBLICATION, DISTRIBUTION, ETC. | |
| Place of publication, distribution, etc. | Bogotá D.C. : |
| Name of publisher, distributor, etc. | Universidad Autónoma de Colombia , |
| Date of publication, distribution, etc. | 2008. |
| 300 ## - PHYSICAL DESCRIPTION | |
| Extent | 239 páginas : |
| Other physical details | ilustraciones ; |
| Dimensions | 24 cm. |
| 500 ## - GENERAL NOTE | |
| General note | Edición corregida y aumentada de "Hojas para Escribir" |
| 504 ## - BIBLIOGRAPHY, ETC. NOTE | |
| Bibliography, etc. note | Incluye índice general. |
| 942 ## - ADDED ENTRY ELEMENTS (KOHA) | |
| Koha item type | Books |
| Source of classification or shelving scheme | Dewey Decimal Classification |
| Withdrawn status | Lost status | Source of classification or shelving scheme | Damaged status | Not for loan | Collection code | Home library | Current library | Shelving location | Date acquired | Source of acquisition | Total Checkouts | Full call number | Barcode | Date last seen | Copy number | Price effective from | Koha item type |
|---|---|---|---|---|---|---|---|---|---|---|---|---|---|---|---|---|---|
| Dewey Decimal Classification | Non-fiction | Biblioteca Pública José María del Castillo y Rada | Biblioteca Pública José María del Castillo y Rada | Book Cart | 10/09/2024 | Donación | 808.066 U58v | 201812457 | 10/09/2024 | Ej.1 | 10/09/2024 | Books |